[Event "Fuerstenfeld U18 op 6th"]
[Site "Fuerstenfeld"]
[Date "2023.07.23"]
[Round "7"]
[White "Gstrein, Matteo"]
[Black "Onipko, Mark"]
[Result "0-1"]
[WhiteElo "1385"]
[BlackElo "1671"]
[PlyCount "80"]
[EventDate "2023.07.20"]
[EventType "swiss"]
[EventRounds "7"]
[EventCountry "AUT"]
[SourceTitle "CBM 215 Extra"]
[Source "ChessBase"]
[SourceDate "2023.09.30"]
[SourceVersion "1"]
[SourceVersionDate "2023.09.30"]
[SourceQuality "1"]

1. e4 e5 2. Nf3 Nc6 3. Bc4 Bc5 4. c3 Nf6 5. d3 h6 6. Nbd2 d6 7. Nf1 Ng4 8. Ne3 Nxe3 9. Bxe3 Bxe3 10. fxe3 Na5 11. Bb5+ Bd7 12. Bxd7+ Qxd7 13. 0-0 Nc6 14. d4 f6 15. Qc2 g5 16. b4 0-0-0 17. a4 Ne7 18. d5 Rdf8 19. c4 f5 20. exf5 Nxf5 21. Rfe1 Nh4 22. Nxh4 gxh4 23. h3 Rhg8 24. Rf1 Rxf1+ 25. Rxf1 b6 26. c5 dxc5 27. bxc5 Qxd5 28. c6 Kb8 29. Rd1 Qe6 30. a5 Rc8 31. Qa4 a6 32. axb6 cxb6 33. Qxa6 Rxc6 34. Rd8+ Kc7 35. Qa8 Rc5 36. Re8 Qd7 37. Qb8+ Kc6 38. Rxe5 Rxe5 39. Qxe5 Qd1+ 40. Kh2 Qd6 0-1

[Event "Fuerstenfeld U18 op 6th"]
[Site "Fuerstenfeld"]
[Date "2023.07.22"]
[Round "4"]
[White "Onipko, Mark"]
[Black "Poetscher, Katharina"]
[Result "1-0"]
[WhiteElo "1671"]
[BlackElo "1274"]
[PlyCount "87"]
[EventDate "2023.07.20"]
[EventType "swiss"]
[EventRounds "7"]
[EventCountry "AUT"]
[SourceTitle "CBM 215 Extra"]
[Source "ChessBase"]
[SourceDate "2023.09.30"]
[SourceVersion "1"]
[SourceVersionDate "2023.09.30"]
[SourceQuality "1"]

1. e4 e6 2. d4 d5 3. exd5 exd5 4. Bd3 Nf6 5. Bg5 Be7 6. h3 0-0 7. Bxf6 Bxf6 8. c3 c6 9. Ne2 Nd7 10. 0-0 g6 11. f4 Bg7 12. f5 Nf6 13. Nd2 Qe7 14. Kh1 Qe3 15. Rf3 Qe7 16. Ng3 Re8 17. Qc2 Qc7 18. Raf1 Re7 19. c4 dxc4 20. Bxc4 Nd5 21. Bxd5 cxd5 22. Rc3 Qd6 23. Rxc8+ Rxc8 24. Qxc8+ Bf8 25. Qc3 Bh6 26. Rf3 Re1+ 27. Ngf1 gxf5 28. Rxf5 Qe6 29. Rf3 Qe2 30. Rg3+ Kf8 31. Qc5+ Ke8 32. Rg8+ Kd7 33. Qc8+ Kd6 34. Rd8+ Ke7 35. Re8+ Kd6 36. Qd8+ Kc6 37. Rxe2 Rxe2 38. Nb3 Re1 39. Qf6+ Kb5 40. Qxh6 Rxf1+ 41. Kh2 Rf2 42. Qd6 Rxb2 43. Qc5+ Ka6 44. Qa5# 1-0